26th international conference on lightning protection. Conference proceedings. Volume 2.,3 : ICLP 2002. Cracow, Poland. 2.- 6. Sept. 2002

Gespeichert in:
Bibliographische Detailangaben
Format: Buch
Sprache:Englisch
Veröffentlicht: Cracow : STOWARZYSZENIE ELEKTRYKOW POLSKICH, 2002
Schlagworte:
Tags: Tag hinzufügen
Keine Tags, Fügen Sie das erste Tag hinzu!

MARC

LEADER 00000nam a22000003a 4500
001 stu77908
005 20241104143611.4
008 021111s2002----pl------------------eng-d
020 |a 83-910689-5-1 
040 |a STU  |b slo 
041 0 |a eng 
044 |a pl 
080 |a 621.316.9 
080 |a 061.3(08) 
084 |a B8140  |2 INS 
245 |a 26th international conference on lightning protection. Conference proceedings. Volume 2.,3 :  |b ICLP 2002. Cracow, Poland. 2.- 6. Sept. 2002 
260 |a Cracow :  |b STOWARZYSZENIE ELEKTRYKOW POLSKICH,  |c 2002 
300 |a s. 420 - 858., 58 s 
650 7 |a blesky  |2 stusub 
650 7 |a prepätie  |2 stusub 
650 7 |a nárazové prepetie  |2 stusub 
650 7 |a ochranné zariadenia  |2 stusub 
650 7 |a uzemnenia  |2 stusub 
650 7 |a prepäťová ochrana  |2 stusub 
650 7 |a rozvod elektrickej energie  |2 stusub 
650 7 |a rozvodné siete  |2 stusub 
996 |b ECD-560  |c E*CD-560  |l EE12  |s P  |a 0  |w stu77908_0002